000
00244nam a22001097a 4500
082
_a
541.28 AND'C
100
_a
ANDERSON, H.V
_9
44756
245
_a
CHEMICAL CALCULATIONS
260
_a
NEWYORK
_b
MCGRAW HILL
_c
1955
300
_a
305P
942
_c
BK
999
_c
582985
_d
582985